[Event "GER-chT U10"]
[Site "Magdeburg"]
[Date "2016.12.29"]
[Round "7.4"]
[White "Kort, Felix"]
[Black "Glasmeyer, Jannis"]
[Result "1-0"]
[WhiteElo "1120"]
[BlackElo "802"]
[PlyCount "68"]
[EventDate "2016.12.27"]
[EventType "team-swiss"]
[EventRounds "7"]
[EventCountry "GER"]
[SourceTitle "EXT 2018"]
[Source "ChessBase"]
[SourceDate "2017.10.13"]
[SourceVersion "1"]
[SourceVersionDate "2017.10.13"]
[SourceQuality "1"]
[WhiteTeam "Hamburger SK"]
[BlackTeam "Hagen"]
[WhiteTeamCountry "GER"]
[BlackTeamCountry "GER"]

1. d4 d5 2. c4 dxc4 3. e4 Nf6 4. Nc3 Nc6 5. Nf3 Na5 6. Qa4+ Nc6 7. d5 Bd7 8. dxc6 Bxc6 9. Qc2 e6 10. Bg5 Bc5 11. e5 Bxf3 12. gxf3 Be7 13. exf6 Bxf6 14. Bxf6 Qxf6 15. Qe4 0-0 16. Bxc4 Rfd8 17. Bd3 Rd4 18. Qxh7+ Kf8 19. Qh8+ Ke7 20. Qxa8 Rxd3 21. Qxb7 Rd7 22. Qxa7 Qxf3 23. Rg1 g6 24. Qe3 Qb7 25. Qg5+ Kd6 26. 0-0-0+ Kc6 27. Qg2+ Kb6 28. Rxd7 Qc8 29. Rxf7 Qe8 30. Qxg6 Qc6 31. Rf6 Qb7 32. Rxe6+ c6 33. Rg4 Kc5 34. Re5+ Kb6 1-0